LEADER 01432nam 2200361Ia 450 001 996388691003316 005 20221108040346.0 035 $a(CKB)1000000000636797 035 $a(EEBO)2248511265 035 $a(UnM)9929047100971 035 $a(UnM)99897731 035 $a(EXLCZ)991000000000636797 100 $a19930901d1642 uy | 101 0 $aeng 135 $aurbn||||a|bb| 200 10$aGods free mercy to England$b[electronic resource] $epresented as a pretious, and powerfull motive to humiliation: in a sermon preached before the honorable House of Commons, at their late solemne fast, Feb. 23. 1641. By Edmund Calamy B.D. and preacher at Aldermanbury London 210 $aLondon $cprinted for Christopher Meredith, at the Crane in S. Pauls Church-yard$d1642 215 $a[8], 51, [1] p 300 $aFirst leaf is blank. 300 $aRunning title reads: A sermon preached at a late fast before the Honourable House of Commons. 300 $aIn this edition, line 7 of title ends: Commons. 300 $aReproduction of original in the Folger Shakespeare Library. 330 $aeebo-0055 606 $aFast-day sermons$y17th century 615 0$aFast-day sermons 700 $aCalamy$b Edmund$f1600-1666.$01002065 801 0$bCu-RivES 801 1$bCu-RivES 801 2$bWaOLN 906 $aBOOK 912 $a996388691003316 996 $aGods free mercy to England$92327300 997 $aUNISA